Movies Quiz

Random Movies or World Quiz

What Movie? A World of Films (Slideshow) Quiz Stats

 Plays Quiz not verified by Sporcle

Score 0/28 Timer 07:00
0 Plays Today
% Correct
Wayne's World
97.1%
War of the Worlds
90.5%
World War Z
82.7%
Around the World in Eighty Days
82.3%
Jurassic World
79.4%
Pirates of the Caribbean: At World's End
78.2%
Spice World
73.8%
Team America: World Police
73.7%
Master and Commander: The Far Side of the World
73.3%
Scott Pilgrim vs. the World
73%
The World Is Not Enough
72.7%
Thor: The Dark World
70.7%
The World's End
58.7%
World Trade Center
48.8%
% Correct
The New World
46.3%
The World According to Garp
41.8%
Sky Captain and the World of Tomorrow
41.7%
Cool World
38.8%
Ghost World
38.3%
It's a Mad, Mad, Mad, Mad World
37.3%
History of the World: Part I
35.4%
Seeking a Friend for the End of the World
33.6%
The World's Fastest Indian
28%
A Perfect World
26.6%
World's Greatest Dad
21%
The Thing from Another World
18.9%
In a World...
15.4%
In a Better World
2.6%

You're not logged in!

Compare scores with friends on all Sporcle quizzes.
OR
Log In

Sporcle TV

Today on Sporcle TV


Watch our educational content, quiz creation guides, and fun videos on Sporcle TV.

Show Comments

Extras

Created Jan 5, 2015ReportNominate
Tags:World Quiz, Slideshow

Top Quizzes Today


Score Distribution

Your Account Isn't Verified!

In order to create a playlist on Sporcle, you need to verify the email address you used during registration. Go to your Sporcle Settings to finish the process.

Report this User

Report this user for behavior that violates our Community Guidelines.

Details: